<?xml version="1.0" encoding="UTF-8"?>
<collection xmlns="http://www.loc.gov/MARC21/slim">
 <record>
  <leader>01668nam a2200229Ia 4500</leader>
  <controlfield tag="001">CTU_194907</controlfield>
  <controlfield tag="008">210402s9999    xx            000 0 und d</controlfield>
  <datafield tag="020" ind1=" " ind2=" ">
   <subfield code="c">21.11</subfield>
  </datafield>
  <datafield tag="082" ind1=" " ind2=" ">
   <subfield code="a">016.9109</subfield>
  </datafield>
  <datafield tag="082" ind1=" " ind2=" ">
   <subfield code="b">G795</subfield>
  </datafield>
  <datafield tag="100" ind1=" " ind2=" ">
   <subfield code="a">Green, Jeannine</subfield>
  </datafield>
  <datafield tag="245" ind1=" " ind2="2">
   <subfield code="a">A most dangerous voyage :</subfield>
  </datafield>
  <datafield tag="245" ind1=" " ind2="3">
   <subfield code="b">an exhibition of books and maps documenting four centuries of exploration in search of a Northwest Passage</subfield>
  </datafield>
  <datafield tag="245" ind1=" " ind2="0">
   <subfield code="c">Jeannine M. Green and Robert J. Desmarais</subfield>
  </datafield>
  <datafield tag="260" ind1=" " ind2=" ">
   <subfield code="a">Canada</subfield>
  </datafield>
  <datafield tag="260" ind1=" " ind2=" ">
   <subfield code="b">University of Alberta Libraries</subfield>
  </datafield>
  <datafield tag="260" ind1=" " ind2=" ">
   <subfield code="c">2008</subfield>
  </datafield>
  <datafield tag="520" ind1=" " ind2=" ">
   <subfield code="a">Arctic exploration has long captured the interest and imagination of explorers, nations, and the public. For more than 400 years, European explorers were lured to the Arctic to try to discover a commercial trading route to the Far East, where gold, spices, silk, and other valuable goods were readily available. Expeditions failed to locate the elusive Northwest Passage because virtually nothing was known about the Arctic Archipelago. Early mariners believed that Arctic waters were not frozen for the entire year, but of course it was a false hope that summer months offered safe passage. The cold was always extreme, and tiny wooden vessels were easily crushed against soaring icebergs and ice-choked channels. This exhibit catalogue, published to accompany a 2008 exhibit at the University of Alberta's Bruce Peel Special Collections Library, showcases a selection of books and maps documenting this perilous endeavour.</subfield>
  </datafield>
  <datafield tag="650" ind1=" " ind2=" ">
   <subfield code="a">Explorers,Nhà thám hiểm</subfield>
  </datafield>
  <datafield tag="650" ind1=" " ind2=" ">
   <subfield code="z">Arctic regions,Vùng Bắc Cực</subfield>
  </datafield>
  <datafield tag="904" ind1=" " ind2=" ">
   <subfield code="i">Bằng</subfield>
  </datafield>
  <datafield tag="980" ind1=" " ind2=" ">
   <subfield code="a">Trung tâm Học liệu Trường Đại học Cần Thơ</subfield>
  </datafield>
 </record>
</collection>
